000 00394nam a22001457a 4500
005 20151204095625.0
008 151204b xxu||||| |||| 00| 0 eng d
040 _cPK-LaUMT
082 _aMSC 297.63
_bSHA-F
100 _aشاہد رشید
245 _aفیضان نبوتﷺ
_cشاہد رشید
260 _aلاہور
_bفرزندان پاکستان
_c2010
300 _a304 ص
942 _cBK
999 _c79511
_d79511